USO DE RECURSOS TECNOLOGICOS UTILIZADOS EN ESTUDIANTES DE 8VO GRADO DE LA ESCUELA BASICA CATALINA POU PERTENECIENTE AL MINICIPIO DE CABRAL MARZO JULIO 2013 (Record no. 1032)

MARC details
000 -LEADER
campo de control de longitud fija 00854nam a22001937a 4500
001 - NÚMERO DE CONTROL
campo de control 5108
005 - FECHA Y HORA DE LA ÚLTIMA TRANSACCIÓN
campo de control 20250522045549.0
008 - DATOS DE LONGITUD FIJA--INFORMACIÓN GENERAL
campo de control de longitud fija 5230202013 dr
090 ## - LOCALMENTE ASIGNADO TIPO-LC NÚMERO DE CLASIFICACIÓN (OCLC); NÚMERO DE CLASIFICACIÓN LOCAL (RLIN)
Número de clasificación (OCLC) (R) ; Numero de clasificación, CALL (RLIN) (NR) INF 2013-009
100 ## - ENTRADA PRINCIPAL--NOMBRE DE PERSONA
Nombre de persona TERRERO RUIZ, REGIL JOAQUIN
245 ## - MENCIÓN DEL TÍTULO
Título USO DE RECURSOS TECNOLOGICOS UTILIZADOS EN ESTUDIANTES DE 8VO GRADO DE LA ESCUELA BASICA CATALINA POU PERTENECIENTE AL MINICIPIO DE CABRAL MARZO JULIO 2013
Mención de responsabilidad, etc. Regil Joaquín Terrero Ruiz, Manolo Peña Féliz y Sariel Rosario Cuello.
260 ## - PUBLICACIÓN, DISTRIBUCIÓN, ETC.
Lugar de publicación, distribución, etc. Barahona :
Nombre del editor, distribuidor, etc. UNIVERSIDAD CATOLICA TECNOLOGICA DE BARAHONA
300 ## - DESCRIPCIÓN FÍSICA
Extensión ix, 137h /28cm
502 ## - NOTA DE TESIS
Nota de tesis Tesis (Licenciatura en Informática) - UCATEBA - Escuela de Informáica
504 ## - NOTA DE BIBLIOGRAFÍA, ETC.
Nota de bibliografía, etc. Nota Bibliografía : H. 113-118
650 ## - PUNTO DE ACCESO ADICIONAL DE MATERIA--TÉRMINO DE MATERIA
Término de materia o nombre geográfico como elemento de entrada 1.RECURSOS TECNOLOGICOS ESCUELAS BASICAS
700 ## - ENTRADA AGREGADA--NOMBRE PERSONAL
Nombre de persona I.PEÑA FELIZ MANOLO COAUT
700 ## - ENTRADA AGREGADA--NOMBRE PERSONAL
Nombre de persona II.ROSARIO CUELLO SARIEL COAUT
Holdings
Estatus retirado Estado de pérdida Estado de daño No para préstamo Colección Biblioteca de origen Biblioteca actual Fecha de adquisición Total de préstamos Signatura topográfica completa Código de barras Visto por última vez Copia número Precio de reemplazo Tipo de ítem Koha
        Acervo general de Libros Biblioteca Central Mons. Favio M. Rivas S. Biblioteca Central Mons. Favio M. Rivas S. 18/10/2013   INF 2013-009 000000001287 23/05/2025 1 23/05/2025 Tesis